World Leaders - Statistics

General Stats
  • This quiz has been taken 10 times
  • The average score is 7 of 16
Answer Stats
Picture Answer % Correct
Joe Biden
100%
Justin Trudeau
100%
Charles III
89%
Emmanuel Macron
89%
Olaf Scholz
78%
Carl XVI
33%
Harald V
33%
Narendra Modi
33%
Felipe VI
22%
Mark Rutte
22%
Alexander Van der Bellen
11%
Anthony Albanese
11%
Fumio Kishida
11%
Naruhito
11%
Petr Fiala
11%
Sergio Mattarella
11%
No matching quizzes found
Score Distribution
Percent of People with Each Score
Percentile by Number Answered
Your Score History
You have not taken this quiz